000 00836nam a22001337a 4500
999 _c524535
_d524535
008 231218b ||||| |||| 00| 0 eng d
245 _aRedefining mobility: Transforming landscape of transport sector
260 _aYojana
300 _a67(12), Dec, 2023: p.34-42
520 _aPM GatiShakti national master plan for multi-model connectivity, 2021, is essentially a digital platform to bring 16 ministries, including railways and roadways together for integrated planning and coordinated implementation of infrastructure connectivity projects. Multi-model connectivity for the movement of people, goods and series from one mode of transport to another. It will facilitate the last-mile connectivity of infrastructure and also reduce travel time for people. – Reproduced
773 _aYojana
906 _aTRANSPORT
942 _cAR